000 00493nam a2200181Ia 4500
001 56577
008 130523n ii |||gr||||Z||||||465
020 _a9780415263771
082 _a193
245 0 _aNietzsche The Key Concepts
_cPeter R Sedgwick
_hTextual Documents
250 _aIst--2009.
260 _aLondon
_bRoutledge Publishers
300 _a163pg:
_bBibliography, Index;
_c23cm.
653 _aPhilosophy
653 _aG-Philosophy
700 _aSedgwick,Peter R .
942 _2ddc
_cBK
999 _c56499
_d56499